LIBRARY & INFORMATION CENTRE, KCAET, TAVANUR

ONLINE PUBLIC ACCESS CATALOGUE (OPAC)

Normal view MARC view
  • HARI B. KRISHNAN

Entry Personal Name

Number of records used in: 1

001 - CONTROL NUMBER

  • control field: 3565

003 - CONTROL NUMBER IDENTIFIER

  • control field: OSt

005 - DATE AND TIME OF LATEST TRANSACTION

  • control field: 20181006113621.0

008 - FIXED-LENGTH DATA ELEMENTS

  • fixed length control field: 181006|| aca||aabn | a|a d

040 ## - CATALOGING SOURCE

  • Original cataloging agency: OSt
  • Transcribing agency: OSt

100 ## - HEADING--PERSONAL NAME

  • Personal name: HARI B. KRISHNAN

670 ## - SOURCE DATA FOUND

  • Source citation: Work cat.: (OSt)14945: HARI B. KRISHNAN MUHAMMED RANEEF S SURYA A.S, Energy production from rubber processing effluents through biomethanation
free website counter